000 01160ngm a22003370a 4500
001 PT19094
003 AR-LpoUNG
005 20210202000257.0
007 vd cvaizq
008 191001s2000||||ag |||||||||||||||||eng d
037 _c$16.63
040 _aAR-LpoUNG
_bspa
_cAR-LpoUNG
_eaacr
041 _aeng
_aspa
044 _aag
082 0 _a305.8 634tre
100 1 _aMihaileanu, Radu
_edir.
245 1 3 _aEl tren de la vida
260 _aSan Luis :
_bAVH,
_c2000.
300 _aVHS (103 min.) : son., col.
505 0 _aDiálogos en inglés, subtítulos en castellano
520 _aUna tarde de 1941, el loco del pueblo, regresa con novedades:todos los habitantes judios de los pueblos vecinos estan siendo reportados a destinos no conocidos por los nazis. El consejo de hombres sabios se reune para buscar la manera de salvar su comunidad y deciden organizar un falso tren para deportarlos.
650 4 _aANTISEMITISMO
650 4 _aJUDIOS
651 4 _aMundial
653 _aNAZIS
653 _aVIDEOS
710 2 _aNoe Productions (firma comercial)
710 2 _aRaphael Films (firma comercial)
905 _a19094
942 _cVIDEO
999 _c54511
_d54511